Malvaloca - Doña Clarines

Na minha lista:
Detalhes bibliográficos
Autor principal: Alvarez Quintero, S. y J.
Formato: Livro
Idioma:Undetermined
Publicado em: Madrid, España Espasa-Calpe 1959
Edição:5
Assuntos:
Tags: Adicionar Tag
Sem tags, seja o primeiro a adicionar uma tag!

MARC

LEADER 00000nam a2200000Ia 4500
008 170316s9999 xx 000 0 und d
040 |a cru BVZT 
090 |a 862 A-24m 
100 |a Alvarez Quintero, S. y J. 
245 |a Malvaloca - Doña Clarines 
250 |a 5 
260 |a Madrid, España 
260 |b Espasa-Calpe 
260 |c 1959 
300 |a 148 páginas 
650 |a LITERATURA ESPAÑOLA 
999 |c 9395  |d 9395 
942 |c 15 D  |h 862 A-24m  |2 z